Теория электропривода. Лабораторный практикум: учебно-методическое пособие

Detalles Bibliográficos
Autor Corporativo: Национальный исследовательский Томский политехнический университет
Outros autores: Воронина Н. А. Наталья Алексеевна, Семенов С. М. Сергей Михайлович, Дементьев Ю. Н. Юрий Николаевич, Боровиков Ю. С. Юрий Сергеевич
Summary:В лабораторном практикуме приведены описания девяти лабораторных работ, содержащих материалы по исследованию параметров, статических и динамических режимов функционирования различных систем электроприводов. Предназначено для студентов, обучающихся по направлениям 13.03.02 и 13.03.04 "Электроэнергетика и электротехника".
Idioma:ruso
Publicado: Томск, Изд-во ТПУ, 2022
Edición:2-е изд., перераб. и доп.
Subjects:
Formato: MixedMaterials Libro
KOHA link:https://koha.lib.tpu.ru/cgi-bin/koha/opac-detail.pl?biblionumber=347855

MARC

LEADER 00000nam0a2200000 4500
001 347855
005 20240206161854.0
035 |a (RuTPU)RU\TPU\book\379810 
090 |a 347855 
100 |a 20220715d2022 m y0rusy50 ca 
101 0 |a rus 
102 |a RU 
105 |a a j 001zy 
200 1 |a Теория электропривода. Лабораторный практикум  |e учебно-методическое пособие  |f Н. А. Воронина, С. М. Семенов, Ю. Н. Дементьев, Ю. С. Боровиков  |g Национальный исследовательский Томский политехнический университет 
205 |a 2-е изд., перераб. и доп. 
210 |a Томск  |c Изд-во ТПУ  |d 2022 
215 |a 136 с.  |c ил. 
320 |a Библиогр.: с. 134 
330 |a В лабораторном практикуме приведены описания девяти лабораторных работ, содержащих материалы по исследованию параметров, статических и динамических режимов функционирования различных систем электроприводов. Предназначено для студентов, обучающихся по направлениям 13.03.02 и 13.03.04 "Электроэнергетика и электротехника". 
606 1 |a Электроприводы  |2 stltpush  |3 (RuTPU)RU\TPU\subj\20689  |9 45775 
610 1 |a электроэнергетика 
610 1 |a электротехника 
610 1 |a энергетические показатели 
610 1 |a статические режимы 
610 1 |a постоянный ток 
610 1 |a роторы 
610 1 |a механические характеристики 
610 1 |a частотное управление 
610 1 |a тиристорный электропривод 
610 1 |a лабораторные практикумы 
610 1 |a учебно-методические пособия 
610 1 |a труды учёных ТПУ 
675 |a 62-83(076.5)  |v 4 
701 1 |a Воронина  |b Н. А.  |c специалист в области электротехники  |c доцент Томского политехнического университета, кандидат технических наук  |f 1980-  |g Наталья Алексеевна  |3 (RuTPU)RU\TPU\pers\25665  |9 11576 
701 1 |a Семенов  |b С. М.  |c специалист в области электротехники  |c заведующий лабораторией Томского политехнического университета  |f 1951-  |g Сергей Михайлович  |3 (RuTPU)RU\TPU\pers\27976  |9 12966 
701 1 |a Дементьев  |b Ю. Н.  |c специалист в области электротехники  |c профессор Томского политехнического университета, кандидат технических наук  |f 1953-2019  |g Юрий Николаевич  |3 (RuTPU)RU\TPU\pers\25853 
701 1 |a Боровиков  |b Ю. С.  |c специалист в области электроэнергетики  |c профессор Томского политехнического университета, кандидат технических наук  |f 1978-  |g Юрий Сергеевич  |3 (RuTPU)RU\TPU\pers\27067 
712 0 2 |a Национальный исследовательский Томский политехнический университет  |c (2009- )  |3 (RuTPU)RU\TPU\col\15902  |9 26305 
801 1 |a RU  |b 63413507  |c 20220715 
801 2 |a RU  |b 63413507  |c 20220930  |g RCR 
942 |c BK